000 00279nam a2200109Ia 4500
008 220204s9999 xx 000 0 und d
082 _a159.928
_bFIX
100 _aFIXX, James F
245 0 _aMore games for the super intelligent
260 _aNew York
_bPopular
_c1972
942 _cBK
999 _c33444
_d33444